书目信息 |
| 题名: |
当代西方国际关系理论与实践
|
|
| 作者: | 肖宪 主编 | |
| 分册: | ||
| 出版信息: | 昆明 云南大学出版社 1998.07 |
|
| 页数: | 506页 | |
| 开本: | 21cm | |
| 丛书名: | ||
| 单 册: | ||
| 中图分类: | D80 | |
| 科图分类: | ||
| 主题词: | 外交理论 , 国际关系理论 | |
| 电子资源: | ||
| ISBN: | 7-81025-957-1 | |
| 000 | 00598nam0 2200205 45 | |
| 001 | 0105231506 | |
| 005 | 20041130153540.6 | |
| 010 | @a7-81025-957-1@dCNY25.80 | |
| 100 | @a20010523d1998 km y0chiy0120 ea | |
| 101 | 0 | @achi |
| 105 | @a z 000yy | |
| 200 | 1 | @a当代西方国际关系理论与实践@ADang Dai Xi Fang Guo Ji Guan Xi Li Lun Yu Shi Jian@f肖宪主编@FXiao Xian Zhu Bian |
| 210 | @a昆明@c云南大学出版社@d1998.07 | |
| 215 | @a506页@d21cm | |
| 606 | 0 | @a外交理论 |
| 606 | 0 | @a国际关系理论 |
| 690 | @aD80@v4 | |
| 701 | @a肖宪@4主编 | |
| 801 | @aCN@bTSTC@c20010525 | |
| 905 | @f5@b297717-721@dD80@e11 | |
| 当代西方国际关系理论与实践/肖宪主编.-昆明:云南大学出版社,1998.07 |
| 506页;21cm |
| ISBN 7-81025-957-1:CNY25.80 |
| ● |
| 相关链接 |
|
|
|
|
正题名:当代西方国际关系理论与实践
索取号:D80/11
 
预约/预借
| 序号 | 登录号 | 条形码 | 馆藏地/架位号 | 状态 | 备注 |
| 1 | 0297717 | 202977172 | 密集书库/ [索取号:D80/11] | 在馆 | |
| 2 | 0297718 | 202977181 | 密集书库/ [索取号:D80/11] | 在馆 | |
| 3 | 0297719 | 202977190 | 第一借阅区/ [索取号:D80/11] | 在馆 | |
| 4 | 0297720 | 202977207 | 第一借阅区/ [索取号:D80/11] | 在馆 | |
| 5 | 0297721 | 202977216 | 第一借阅区/ [索取号:D80/11] | 在馆 | |
| 6 | 0310385 | 203103854 | 第一借阅区/ [索取号:D80/11] | 在馆 | |
| 7 | 0310386 | 203103863 | 密集书库/ [索取号:D80/11] | 在馆 | |
| 8 | 0310387 | 203103872 | 第一借阅区/ [索取号:D80/11] | 在馆 | |
| 9 | 0310388 | 203103881 | 第一借阅区/ [索取号:D80/11] | 在馆 |